[Event "43rd Ikaros Open 2020"]
[Site "Aghios Kirykos"]
[Date "2020.07.12"]
[Round "3"]
[White "Banikas, Hristos"]
[Black "Chatzieleftheriou, Andreas"]
[Result "1-0"]
[WhiteElo "2599"]
[BlackElo "2155"]
[Annotator "TA"]
[PlyCount "43"]
[EventDate "2020.07.10"]
[EventCountry "GRE"]

{[%evp 15,43,47,83,90,77,85,91,91,106,103,138,139,139,146,154,146,194,185,154,171,508,504,513,519,452,383,379,381,369,375]} 1. d4 Nf6 2. Nf3 e6 3. g3 d5 4. Bg2 c5 5. O-O Nc6 6. c4 cxd4 7. cxd5 exd5 8. Nxd4 Bc5 {The modern move.} 9. Nxc6 {D30: Queen's Gambit Declined: Systems without Nc3.} bxc6 {[#]} 10. Qc2 $1 {[%cal Rc2c5]} Qb6 11. Nc3 {Threatens to win with Na4.White is better.} Bd4 12. Na4 Qb5 {[#]} 13. Bf4 $1 O-O 14. e3 Bb6 15. Rfc1 {[#]} Bf5 $146 ({Predecessor:} 15... c5 16. Bd6 Rd8 17. Be7 Rd7 18. Bxf6 gxf6 19. Nc3 Qc6 20. Rd1 Bb7 21. Nxd5 Rad8 {1-0 (88) Stuhlik,M (2196)-Tschohl,C (2065) Austria 2005}) 16. Qxf5 Qxa4 17. b3 $36 {[%mdl 2048] White is really pushing.} Qa6 $2 (17... Qb5 {is more resistant.} 18. Bf1 Qa5) 18. Rxc6 $18 Rfe8 19. Rxf6 gxf6 20. Bh6 {Intending Qg4+ and mate.} Qc8 21. Qxf6 {[%csl Gh6][%cal Rf6g7]} Qg4 22. Bxd5 {[%mdl 64] Double Attack. White took control after the opening. Accuracy: White = 100%, Black = 51%.} 1-0

[Event "43rd Ikaros Open 2020"]
[Site "Aghios Kirykos"]
[Date "2020.07.12"]
[Round "3"]
[White "David, Alberto"]
[Black "Xilogiannis, Dimitrios"]
[Result "1-0"]
[WhiteElo "2526"]
[BlackElo "2022"]
[Annotator "TA"]
[PlyCount "97"]
[EventDate "2020.07.10"]
[EventCountry "GRE"]

{[%evp 15,97,13,25,-11,20,-15,6,2,2,-8,6,2,21,19,29,39,40,32,26,36,63,27,52,45,70,56,70,44,71,72,87,90,156,121,130,120,129,113,117,122,125,128,128,125,111,116,115,118,117,114,110,107,109,126,119,127,132,127,171,139,225,216,365,366,377,520,488,508,373,381,357,295,29993,29994,29994,29995,29995,29996,29996,29997,29997,29998,29998,29999]} 1. e4 c5 2. Nf3 e6 3. g3 Nc6 4. Bg2 Nf6 5. d3 d6 6. O-O Be7 7. Re1 e5 8. c3 O-O 9. h3 {B30: Sicilian: 2...Nc6 3 Bb5, lines without ...g6.} Re8 10. a3 h6 11. b4 {The position is equal.} a6 12. Bb2 Bf8 13. Nbd2 Be6 14. d4 exd4 15. cxd4 cxd4 16. Nxd4 Nxd4 17. Bxd4 {[#]} Be7 $146 ({Predecessor:} 17... Rc8 18. Rc1 Nd7 19. f4 Nb8 20. Rxc8 Qxc8 21. Kh2 Qc7 22. Nf1 Nc6 23. Bb2 Qb6 {½-½ (33) Braun,C (2342)-Drabke,L (2446) Germany 2010}) 18. f4 Rc8 19. Kh2 Qc7 20. Rc1 Qb8 21. Qf3 b5 22. Qf2 Rxc1 23. Rxc1 Bc8 (23... h5 $142) 24. Ba7 Qa8 25. e5 Nd5 26. exd6 $1 Bxd6 27. Nb3 $1 {[%cal Bd2b3,Bb3a5,Ba5b7,Bb7d6][%mdl 32]} Bb7 28. Na5 $1 {[%cal Ra5b7]} Ne3 29. Nxb7 Qxa7 30. Nxd6 Ng4+ 31. hxg4 Qxf2 32. Nxe8 {And now Nd6 would win.} Qe2 33. Nd6 {Black must now prevent Rc8+.} Qxg4 34. Rc8+ Kh7 35. Rc5 $1 Qd7 36. Rd5 Qc7 37. Ne4 Qc1 (37... Qc2 $16 38. Nc5 Qb2) 38. Rd7 $1 $18 Qc4 {[#]} (38... Qxa3 $142 39. Nd6 (39. Rxf7 Qxb4 40. Ra7 Qb2 $16) 39... Qa2) 39. Re7 $1 Qb3 40. Nd6 Qd1 41. Nxf7 Qh5+ 42. Bh3 Kg8 {If Black can now play ...g5 this consolidates a bit.} 43. Nd6 Qf3 $2 (43... g5 $18 44. Re8+ Kh7) 44. Be6+ {White mates.} Kh8 45. Re8+ Kh7 {[#]} 46. Bg8+ $1 ({Weaker is} 46. Bf5+ g6 $18) 46... Kg6 47. Re6+ Kh5 48. Bf7+ g6 49. Re5+ {White took control after the opening. Accuracy: White = 82%, Black = 62%.} 1-0

[Event "43rd Ikaros Open 2020"]
[Site "Aghios Kirykos"]
[Date "2020.07.12"]
[Round "3"]
[White "Reizniece-Ozola, Dana"]
[Black "Eleftheriou, Georgios"]
[Result "0-1"]
[WhiteElo "2311"]
[BlackElo "1713"]
[Annotator "TA"]
[PlyCount "118"]
[EventDate "2020.07.10"]
[EventCountry "GRE"]

{[%evp 17,118,0,0,0,23,0,0,0,0,0,-11,-20,-20,-20,-24,-23,-24,-20,-20,-25,-17,-32,-22,-25,-11,-33,-30,-46,-54,-79,-89,-87,-86,-83,-83,-112,-109,-114,-81,-75,-32,-30,-30,-33,-31,-39,-36,-50,-30,-50,-31,-85,-36,-107,-44,-104,-102,-91,-94,-104,-115,-251,-161,-238,-257,-308,-290,-259,-256,-321,-329,-443,-467,-428,-395,-657,-343,-422,-347,-333,-272,-470,-446,-614,-310,-875,-848,-1503,-1577,-1803,-1608,-1291,-1709,-1807,-1810,-2422,-2228,-29979,-5101,-29985,-29986,-29987,-29988]} 1. c4 e6 2. Nc3 d5 3. d4 c6 4. e4 dxe4 5. Nxe4 Bb4+ 6. Bd2 Qxd4 7. Bxb4 Qxe4+ 8. Ne2 Na6 9. Bf8 Ne7 10. Bxg7 {D31: Queen's Gambit Declined: Semi-Slav without ...Nf6 (+ Marshall Gambit and Noteboom) and Exchange Variation lines without ...Nf6.} Rg8 (10... Nb4 $5 {[%cal Rh8g8]} 11. Bxh8 e5 $11) 11. Qd4 (11. Bd4 {with more complications.} Nb4 12. f3 Qg6 13. Nf4 Qf5 14. Nd3) 11... Qxd4 12. Bxd4 {The position is equal.} c5 $1 {[%cal Rc5d4] [#]} 13. Be3 $146 ({Predecessor:} 13. Bf6 Rg6 14. Bc3 Nb4 15. Nf4 Rg5 16. h4 Rf5 17. Nd3 Nc2+ 18. Kd2 Nxa1 19. g4 {1-0 (39) Timofeev,A (2665)-Frolyanov,D (2599) Taganrog 2011}) 13... Nf5 14. O-O-O Nxe3 15. fxe3 b6 16. Nf4 Bb7 17. Bd3 h6 18. a3 Ke7 19. Rhf1 Nc7 20. Be2 Rad8 21. Bh5 Rxd1+ 22. Rxd1 e5 23. Nd5+ Bxd5 24. cxd5 $17 {[%mdl 4096] [#] Endgame Hoping for d6+. KRB-KRN} Nb5 25. Be2 Nd6 26. g4 f5 27. h3 fxg4 28. hxg4 Rf8 29. Rh1 Rf6 30. Kd2 Ne4+ 31. Ke1 Kd6 32. Bc4 Ng5 33. Ke2 e4 34. Ba2 (34. Kd2 $15) 34... Ke5 35. Rd1 (35. b4 $15) 35... Rd6 ({Black should play} 35... b5 $17 36. Bb3 Nf7) 36. Rf1 (36. b4 $15) 36... Nf3 37. Rh1 Rg6 38. Kf2 b5 39. Rd1 {Now White is beyond hope.} (39. a4 $17) 39... Rd6 40. Kg3 (40. a4 {keeps fighting.} bxa4 41. Kg3) 40... c4 $19 41. a4 {[#]} a6 $1 {[%cal Ba7a6,Ba6b5][%mdl 32]} ({Inferior is} 41... bxa4 42. Bxc4 Ng5 43. Ra1 $11) ({Weaker is} 41... Rxd5 42. Rh1 $17) 42. axb5 axb5 43. Rh1 Kxd5 44. b3 c3 45. b4+ Ke5 46. Bb1 $2 (46. Bg8) 46... Rc6 47. Bc2 Ng5 48. Ra1 Rc4 49. Ra3 $2 (49. Ra6 Rxb4 50. Rc6) 49... Nf3 50. Ra8 Nd2 51. Kh4 $2 (51. Re8+ Kf6 52. Rf8+ Ke7 53. Rf5 Rxb4 54. Rc5) 51... Rxb4 52. Kh5 Rb2 53. Re8+ Kd6 54. Bd1 Rb1 55. Bc2 Rc1 56. Kxh6 Rxc2 57. g5 Rc1 58. g6 Rh1+ 59. Kg7 c2 {Accuracy: White = 42%, Black = 67%.} 0-1

[Event "43rd Ikaros Open 2020"]
[Site "Aghios Kirykos"]
[Date "2020.07.12"]
[Round "3"]
[White "Gazis, Efstathios"]
[Black "Nikolaidis, Ioannis"]
[Result "0-1"]
[WhiteElo "2136"]
[BlackElo "2535"]
[Annotator "TA"]
[PlyCount "48"]
[EventDate "2020.07.10"]
[EventCountry "GRE"]

{[%evp 9,48,22,28,15,31,-83,-83,-124,-125,-146,-109,-149,-158,-275,-276,-286,-259,-281,-276,-524,-581,-620,-605,-1162,-1145,-1083,-927,-888,-904,-874,-881,-1033,-1028,-1008,-948,-5319,-10460,-1913,-820,-793,-752]} 1. e4 e5 2. Nf3 Nc6 3. Bb5 Nf6 4. d3 Bc5 5. Bxc6 dxc6 6. Nbd2 {C65: Ruy Lopez: Berlin Defence (3...Nf6), unusual lines and 4 0-0 Bc5.} Be6 {[#] 6...Be6 is the modern continuation. Played by Anish Giri in June 2020.} 7. Nf1 $146 {[#]} (7. h3 $14 {keeps the upper hand.}) ({Predecessor:} 7. Qe2 Nd7 8. Nb3 Bb6 9. Ng5 Bxb3 10. axb3 f6 11. Nf3 Nf8 12. O-O Ne6 13. Be3 Qd7 {0-1 (50) Caruana,F (2835)-Grischuk,A (2777) chess.com INT 2020}) 7... Nxe4 $1 $17 {[%mdl 512]} 8. Be3 {Black is better.} (8. dxe4 Bxf2+) 8... Bb4+ 9. Ke2 {and if c3 works, White does fine.} Nd6 10. Nxe5 Qf6 $36 {[%mdl 2048] Black has strong initiative.} 11. f4 {[#]} (11. d4 $17) 11... g5 $1 $19 {[%mdl 512]} 12. Qc1 (12. fxg5 Qxe5) 12... Nf5 {aiming for ...gxf4.} ({Less strong is} 12... gxf4 13. Bxf4 O-O-O 14. c3 $17) 13. c3 Nxe3 14. Qxe3 $2 (14. Nxe3 {was forced.} gxf4 15. N3g4 Bxg4+ 16. Nxg4 Qe6+ {[%mdl 64] Double Attack} 17. Kd2 Qxg4 18. cxb4) 14... gxf4 {Black is clearly winning.} 15. Qe4 O-O-O 16. Nxc6 Bd5 17. Qxb4 f3+ 18. Kd2 fxg2 {[%mdl 64] Discovered Attack} 19. Qg4+ Rd7 20. Nxa7+ Kb8 21. Ng3 Qf2+ (21... Kxa7 $2 22. Rhe1 $19) 22. Ne2 gxh1=Q 23. Rxh1 Bxh1 (23... Re8 $142 24. Kd1 Rxe2 25. Qxe2 {[#]} Bf3 $1 {[%mdl 512]} 26. Qxf3 Qxf3+ 27. Kc2 Qxh1) 24. Qxd7 Bf3 {White did not feel at home in the position after the opening. Accuracy: White = 27%, Black = 79%.} 0-1

[Event "43rd Ikaros Open 2020"]
[Site "Aghios Kirykos"]
[Date "2020.07.12"]
[Round "3"]
[White "Ornithopoulos, Nikolaos"]
[Black "Kotronias, Vasilios"]
[Result "0-1"]
[WhiteElo "1891"]
[BlackElo "2510"]
[Annotator "TA"]
[PlyCount "84"]
[EventDate "2020.07.10"]
[EventCountry "GRE"]

{[%evp 22,84,10,7,10,-9,-15,-38,-14,-38,-33,-25,-26,-29,-29,-39,0,-72,-64,-67,-58,-60,-74,-73,-68,-64,-64,-89,-80,-86,-86,-77,-81,-106,-76,-113,-82,-87,-48,-77,-82,-121,-109,-175,-166,-181,-179,-183,-153,-191,-173,-231,-214,-29978,-29979,-29988,-1135,-29989,-29990,-29996,-29997,-29997,-29998,-29998,-29999]} 1. d4 Nf6 2. Nf3 g6 3. g3 Bg7 4. c4 O-O 5. Nc3 d6 6. Bg2 Nbd7 {[%cal Bb8d7,Bd7c5,Bc5e6,Be6g5,Bg5e4][%mdl 32]} 7. O-O e5 8. dxe5 dxe5 9. e4 c6 10. h3 Qe7 11. Be3 Nc5 12. Qc2 Nfd7 {E67: King's Indian: Fianchetto: 6...Nbd7.} 13. Nh4 Ne6 14. Ne2 a5 {[#] Black is slightly better.} 15. Kh2 $146 ({Predecessor:} 15. Kh1 Ndc5 16. Rad1 Kh8 17. f4 exf4 18. Nxf4 Nxf4 19. Bxf4 Be5 20. Nf3 Bxf4 21. gxf4 Nxe4 22. Rfe1 Bf5 23. Qc1 Nf2+ 24. Kh2 Qf6 25. Rd7 Bxd7 {0-1 (25) Chrisidis,P (1832)-Gallagher,J (2522) London 2016}) 15... Ndc5 16. Rad1 b6 17. f4 exf4 18. Nxf4 Ng5 19. Ne2 (19. e5 $11 {remains equal.}) 19... Ngxe4 20. Bxc5 $1 Nxc5 21. Bxc6 Bb7 22. Bxb7 Qxb7 23. Nc3 Rae8 24. Rde1 f5 25. Ng2 Bxc3 26. Qxc3 Ne4 27. Qc1 Qc7 28. Rf3 Rd8 {[%cal Be8d8,Bd8d4,Bd4f4][%mdl 32]} 29. b3 Qc6 {aiming for ...Nd2.} 30. Rfe3 Rd4 31. Nf4 {[#]} Qd6 $1 $36 {[%mdl 2048] Black is really pushing.} 32. R1e2 {[#]} (32. Rg1 $17) 32... Nxg3 $1 $19 {[%mdl 512]} 33. Rxg3 {Threatens to win with Nd5.} Rxf4 34. Rd2 Qc7 35. Kg2 Re4 36. Rgd3 (36. Qd1 {is a better defense.}) 36... Rfe8 {And now ...Re2+ would win.} 37. Qb2 $2 (37. Rf2 $19) 37... Re3 38. Kh1 Re1+ 39. Kg2 Qf4 {Black mates.} 40. Rf3 Qg5+ 41. Rg3 {[#]} Rg1+ $1 {[%mdl 576] Deflection, Decoy, Back Rank} 42. Kxg1 Qxg3+ {[%mdl 64] Double Attack. Accuracy: White = 62%, Black = 85%.} 0-1

[Event "43rd Ikaros Open 2020"]
[Site "Aghios Kirykos"]
[Date "2020.07.12"]
[Round "3"]
[White "Xenakis, Nikolaos"]
[Black "Ladopoulos, Dimitrios"]
[Result "0-1"]
[WhiteElo "1709"]
[BlackElo "2260"]
[Annotator "TA"]
[PlyCount "60"]
[EventDate "2020.07.10"]
[EventCountry "GRE"]

{[%evp 17,60,-72,-74,-72,-80,-77,-79,-80,-79,-87,-39,-38,-32,-86,-70,-86,-63,-198,-206,-221,-225,-228,-220,-220,-209,-268,-292,-290,-272,-305,-235,-303,-281,-292,-300,-324,-325,-309,-310,-297,-299,-377,-380,-624,-570]} 1. e4 c5 2. Nf3 e6 3. d4 cxd4 4. Nxd4 Nf6 5. Bd3 Nc6 6. Be3 d5 7. Nxc6 bxc6 8. e5 Nd7 9. f4 Bc5 10. Bxc5 {B44: Sicilian: Taimanov: 5 Nb5.} Nxc5 11. Nd2 Qb6 12. Nb3 {[#] Black is better.} Na4 $146 ({Predecessor:} 12... Nxb3 13. axb3 Qe3+ 14. Qe2 Qxf4 15. Rf1 Qxh2 16. Ra4 O-O 17. Rf3 f5 18. exf6 Rxf6 19. Rxf6 gxf6 {½-½ (39) Rozman,M (2068)-Brink,B (2374) Deutschlandsberg 2018}) 13. Rb1 Qe3+ 14. Qe2 $1 {[%cal Re2e3]} Qxf4 15. g3 (15. c3 $15) 15... Qb4+ $17 16. c3 Qb6 17. Nd4 {[#] This costs White the game.} ({Better is} 17. Rf1 $1 $15) 17... Nc5 $1 $19 18. Bc2 Ba6 19. Qe3 O-O 20. b4 Nd7 21. Kd2 c5 22. bxc5 Qxc5 23. h4 Rae8 24. Rhe1 Nb6 {[#] And now ...Nc4+ would win.} 25. Bb3 f6 26. exf6 Rxf6 27. g4 Nc4+ 28. Bxc4 Qxc4 29. Rb2 e5 {White must now prevent ...Rc8.} 30. Nf5 $2 (30. Rc2) 30... Qxg4 {Accuracy: White = 53%, Black = 86%.} 0-1

[Event "43rd Ikaros Open 2020"]
[Site "Aghios Kirykos"]
[Date "2020.07.13"]
[Round "4.1"]
[White "Ladopoulos, Dimitrios"]
[Black "Banikas, Hristos"]
[Result "1/2-1/2"]
[WhiteElo "2260"]
[BlackElo "2599"]
[Annotator "TA"]
[PlyCount "94"]
[EventDate "2020.07.10"]
[EventCountry "GRE"]
[SourceTitle "playchess.com"]
[Source "ChessBase"]
[SourceQuality "1"]

{[%evp 15,94,18,12,21,20,13,14,12,17,17,53,46,60,62,89,79,107,62,89,83,85,92,96,93,101,95,229,219,213,116,108,115,153,152,137,134,160,145,170,178,135,37,41,-5,-8,-10,-12,-9,-5,-5,-6,-9,-10,-58,0,0,0,0,0,0,0,0,0,0,0,0,0,0,0,0,0,0,0,0,0,0,0,0,0,0,0]} 1. Nf3 Nf6 2. d4 e6 3. c4 b6 4. g3 Bb4+ 5. Bd2 a5 6. Bg2 Bb7 7. O-O O-O 8. Nc3 Ne4 9. Qc2 {E16: Queen's Indian: 4 g3 Bb7 5 Bg2 Bb4+.} Nxd2 10. Nxd2 {[#]} Bxg2 $146 ({Predecessor:} 10... Nc6 11. e3 Re8 12. Rad1 Bf8 13. a3 Qc8 14. Rfe1 d6 15. Bh3 Qd8 16. d5 Ne5 {0-1 (41) Berezina,I (2088)-Antipov,M (2586) Dubai 2017}) 11. Kxg2 Re8 12. Nf3 Bf8 13. Rad1 Nc6 14. h4 $36 {[%mdl 2048] White is more active.} g6 15. h5 Bg7 16. e4 e5 {[%cal Re5d4]} 17. d5 Nb4 {[%cal Bc6b4,Bb4a6,Ba6c5][%mdl 32]} 18. Qe2 Na6 19. Rh1 Nc5 20. Rh3 f5 (20... h6 $16) 21. hxg6 $18 hxg6 22. Nh4 (22. exf5 $18 {Threatens to win with Nh4.} e4 23. Nh4) 22... Qg5 $16 23. Rdh1 Nxe4 24. Nxe4 fxe4 25. Qxe4 Kf7 26. Re1 d6 {[#]} 27. Re3 $1 Rh8 {[#]} 28. f4 ({White should try} 28. Nf3 $1 $16 {[%cal Rf3g5]} Qe7 29. Qg4 (29. Nh4 Rh6 $14) (29. Rxh8 Rxh8 30. Qg4 Bh6 $14) 29... Rxh3 30. Qxh3 (30. Kxh3 Bh6 $11)) 28... Qg4 $14 29. f5 (29. Qf3 {is interesting.} Qxf3+ 30. Nxf3 Rxh3 31. Kxh3 Rh8+ 32. Kg4) 29... gxf5 30. Qxf5+ Qxf5 31. Nxf5 Rxh3 32. Kxh3 $11 {[%mdl 4096] Endgame KRB-KRN} Rh8+ 33. Kg2 Bf6 34. g4 Bg5 (34... Kg6 $1 $15) 35. Rh3 {The position is equal.} Rxh3 36. Kxh3 {KB-KN} Bc1 37. b3 Kf6 38. Kg2 e4 39. Kf2 Kg5 40. Nd4 Kxg4 41. Nb5 Kf4 42. Nxc7 Be3+ 43. Ke2 {aiming for Ne6+.} Bc5 44. Nb5 Ke5 45. Kd2 Kf4 46. Ke2 Ke5 47. Kd2 Kf4 {Blacks defense is rewarded with a draw. Accuracy: White = 78%, Black = 75%.} 1/2-1/2

[Event "43rd Ikaros Open 2020"]
[Site "Aghios Kirykos"]
[Date "2020.07.13"]
[Round "4.2"]
[White "Nikolaidis, Ioannis"]
[Black "Papasimakopoulos, Alexandros"]
[Result "1-0"]
[WhiteElo "2535"]
[BlackElo "2250"]
[Annotator "TA"]
[PlyCount "32"]
[EventDate "2020.07.10"]
[EventCountry "GRE"]
[SourceTitle "playchess.com"]
[Source "ChessBase"]
[SourceQuality "1"]

{[%evp 11,32,16,44,39,47,47,43,43,45,50,49,41,51,51,64,60,77,71,421,421,414,410,868]} 1. Nf3 Nf6 2. c4 e6 3. g3 a6 4. Bg2 b5 5. b3 Bb7 6. Nc3 b4 7. Na4 {A13: English Opening: 1...e6.} c5 8. O-O d6 9. d4 {White is slightly better.} Nbd7 10. dxc5 dxc5 11. Bf4 Be7 {[#]} 12. Qd3 $146 ({Predecessor:} 12. Ne5 Bxg2 13. Kxg2 Qc8 14. Qd3 g5 15. Nxd7 Nxd7 16. Bc1 Qc6+ 17. Qf3 Qxf3+ 18. Kxf3 {½-½ (56) Siebrecht,S (2496)-Janssen,R (2471) Germany 2014}) 12... O-O 13. Rad1 Be4 14. Qe3 Qa5 $2 {[%mdl 8192] [#]} (14... Qe8 $16 {is a better chance.}) 15. Rxd7 $1 $18 {[%mdl 576] Deflection} Nxd7 16. Qxe4 {Hoping for Qb7.} Nb6 {Black got outplayed after the opening} (16... Ra7 $142 17. Rd1 Rc8) 1-0

[Event "43rd Ikaros Open 2020"]
[Site "Aghios Kirykos"]
[Date "2020.07.13"]
[Round "4.3"]
[White "Georgiou, Kostantinos"]
[Black "David, Alberto"]
[Result "1/2-1/2"]
[WhiteElo "2228"]
[BlackElo "2526"]
[Annotator "TA"]
[PlyCount "107"]
[EventDate "2020.07.10"]
[EventCountry "GRE"]
[SourceTitle "playchess.com"]
[Source "ChessBase"]
[SourceQuality "1"]

{[%evp 10,107,8,0,4,-2,0,0,5,7,14,16,8,7,14,12,18,16,13,0,8,14,27,-18,-11,-19,-20,-21,-15,-27,-17,-10,0,-18,0,-10,0,0,0,0,0,0,0,0,0,0,0,0,52,58,101,106,125,125,105,106,111,105,108,114,111,82,83,83,91,87,127,127,135,112,135,124,134,141,130,88,115,85,84,79,70,0,0,0,0,0,0,0,0,0,0,0,0,0,0,0,0,0,0,0]} 1. d4 Nf6 2. Nf3 b6 3. e3 e6 4. Nbd2 c5 5. Bd3 Bb7 6. b3 Nc6 {A47: 1 d4 Nf6 2 Nf3 b6: Torre, London and Colle Systems.} 7. a3 cxd4 8. exd4 d5 9. O-O Bd6 10. Bb2 O-O 11. Ne5 Ne7 $1 {[%mdl 4] outshines the older 11...Rc8.} 12. Qe2 Rc8 {[#]} 13. a4 $146 ({Predecessor:} 13. Rfe1 Ng6 14. g3 Qe7 15. f3 Rc7 16. Nf1 Rfc8 17. Ne3 Bxe5 18. dxe5 Nd7 19. f4 Nc5 20. Bd4 Nxd3 {½-½ (20) Tomashevsky,E (2702)-Schroeder,J (2552) Germany 2018}) 13... Bb4 14. Nb1 Nf5 15. c3 Be7 {[#]} 16. a5 $1 {[%mdl 512]} bxa5 17. Re1 Bd6 18. Nd2 Re8 19. Qf3 Bxe5 20. Rxe5 Nd6 {[%cal Bf5d6,Bd6e4,Be4d2][%mdl 32]} 21. Qh3 h6 22. c4 Ba6 {[%cal Rd5c4]} 23. c5 Bxd3 24. Qxd3 Nde4 25. f3 $36 {[%mdl 2048] White is more active.} Nxd2 26. Qxd2 Rb8 27. Re3 Rb5 28. Bc3 {[%cal Rc3a5]} Qd7 (28... Rxb3 $11 29. Bxa5 Qb8) 29. Bxa5 $14 Reb8 30. Qc2 Qb7 31. Be1 Ne8 32. b4 Nc7 33. Rea3 {Hoping for c6.} a6 34. h4 Qc6 35. Kh2 R5b7 36. Qd3 Ra8 37. R3a2 Nb5 38. g4 f6 39. Re2 Re7 40. Bg3 Rae8 41. Rae1 Rf7 42. f4 Rff8 43. f5 (43. Rg2 {seems wilder.} f5 44. g5 hxg5 45. hxg5 Kf7 46. Kg1) 43... exf5 44. gxf5 Rxe2+ 45. Rxe2 ({White should try} 45. Qxe2 $14 Kh8 46. Qd3) 45... Re8 $11 {The position is equal.} 46. Rxe8+ Qxe8 47. Qf3 Qd7 48. Bd6 Qc6 49. Qe3 Kh7 50. Bg3 Qb7 51. Qe8 Nxd4 52. Qg6+ Kh8 53. Qe8+ Kh7 54. Qg6+ {Accuracy: White = 90%, Black = 90%.} 1/2-1/2

[Event "43rd Ikaros Open 2020"]
[Site "Aghios Kirykos"]
[Date "2020.07.13"]
[Round "4.4"]
[White "Kotronias, Vasilios"]
[Black "Tragoudaras, Nikolaos"]
[Result "1-0"]
[WhiteElo "2510"]
[BlackElo "1543"]
[Annotator "RC"]
[PlyCount "59"]
[EventDate "2020.07.10"]
[EventCountry "GRE"]
[SourceTitle "playchess.com"]
[Source "ChessBase"]
[SourceQuality "1"]

1. e4 c5 2. Nc3 d6 3. d4 cxd4 4. Qxd4 Nc6 5. Qd2 Nf6 6. b3 e6 7. Bb2 Be7 8. O-O-O a6 9. g4 Nd7 10. f4 b5 11. Nf3 Nc5 12. Qe3 Rg8 13. h4 b4 14. Ne2 a5 15. Ned4 Nxd4 16. Bxd4 Qc7 17. Bxc5 Qxc5 18. Qxc5 dxc5 19. Bb5+ Kf8 20. Ne5 g6 21. Nc6 Ba6 22. Ba4 Be2 23. Rd7 Re8 24. g5 Bf3 25. Re1 Bg4 26. Ne5 Bh5 27. Rb7 Ra8 28. f5 gxf5 29. exf5 exf5 30. Nd7+ 1-0

[Event "43rd Ikaros Open 2020"]
[Site "Aghios Kirykos"]
[Date "2020.07.13"]
[Round "4.5"]
[White "Eleftheriou, Georgios"]
[Black "Karagiannis, Athanasios"]
[Result "0-1"]
[WhiteElo "1713"]
[BlackElo "2169"]
[Annotator "RC"]
[PlyCount "95"]
[EventDate "2020.07.10"]
[EventCountry "GRE"]
[SourceTitle "playchess.com"]
[Source "ChessBase"]
[SourceQuality "1"]

1. f4 c5 2. Nf3 Nf6 3. b3 g6 4. Bb2 Bg7 5. e3 O-O 6. Be2 d6 7. O-O Nc6 8. d3 b5 9. a4 bxa4 10. Rxa4 Bd7 11. Ra1 a5 12. Qc1 Qc7 13. Nc3 Nb4 14. e4 Bc6 15. Nh4 Rfb8 16. f5 a4 17. fxg6 hxg6 18. Nxa4 Bxa4 19. Rxa4 Rxa4 20. bxa4 c4 21. Bd4 Nxe4 22. Bxg7 Qa7+ 23. d4 Kxg7 24. c3 Nd3 25. Bxd3 cxd3 26. Qf4 Nf6 27. Qg5 Kf8 28. Qe3 Qxa4 29. Qh6+ Kg8 30. Nxg6 fxg6 31. Qxg6+ Kh8 32. Rxf6 Rb1+ 33. Rf1 Rxf1+ 34. Kxf1 Qd1+ 35. Kf2 Qe2+ 36. Kg3 d2 37. Qh6+ Kg8 38. Qg6+ Kf8 39. Qf5+ Kg7 40. Qg5+ Kh7 41. Qf5+ Kh6 42. Qf8+ Kg6 43. Qg8+ Kf6 44. Qf8+ Ke6 45. Qc8+ Kf6 46. Qf8+ Kg6 47. Qg8+ Kf5 48. Qd5+ 0-1

[Event "43rd Ikaros Open 2020"]
[Site "Aghios Kirykos"]
[Date "2020.07.13"]
[Round "4.6"]
[White "Poupalos, Nikolaos"]
[Black "Reizniece-Ozola, Dana"]
[Result "1/2-1/2"]
[WhiteElo "1566"]
[BlackElo "2311"]
[Annotator "TA"]
[PlyCount "108"]
[EventDate "2020.07.10"]
[EventCountry "GRE"]
[SourceTitle "playchess.com"]
[Source "ChessBase"]
[SourceQuality "1"]

{[%evp 22,108,35,34,32,40,41,55,46,39,29,34,33,41,48,41,130,145,160,0,0,0,0,0,0,0,248,276,261,242,225,221,221,114,137,147,268,229,242,148,145,125,127,125,120,120,127,139,156,137,139,117,111,8,8,50,59,19,72,45,826,731,822,230,175,59,404,0,8,8,8,8,8,8,8,0,0,0,0,0,0,0,0,0,0,0,0,0,0]} 1. e4 c5 2. Nf3 d6 3. d4 cxd4 4. Nxd4 Nf6 5. Nc3 g6 6. Be3 Bg7 7. f3 O-O 8. Qd2 Nc6 9. g4 Be6 10. Nxe6 fxe6 11. O-O-O Ne5 12. Be2 Qc8 {B76: Sicilian Dragon: Yugoslav Attack, 9 g4 and 9 0-0-0.} 13. h4 Nc4 14. Bxc4 Qxc4 {White is slightly better.} 15. Bh6 b5 $1 {[%cal Rb5b4]} 16. Bxg7 Kxg7 17. Kb1 Rac8 18. h5 a5 {[#]} (18... gxh5 $14 19. Rdg1 (19. gxh5 Kf7 $11) 19... Kf7) 19. hxg6 $146 ({Predecessor:} 19. Ne2 a4 20. hxg6 hxg6 21. Nd4 e5 22. b3 axb3 23. axb3 Qg8 24. Nf5+ gxf5 25. gxf5 {1-0 (36) Kopylov,D (2243)-Feng,R (1648) Montevideo 2017}) 19... hxg6 20. Ne2 $2 ({White has to play} 20. e5 $1 $16 dxe5 21. Qh6+ Kf7 22. Ne4 $1 {[%mdl 512]}) 20... e5 $1 $11 21. Rh2 Rh8 22. Rdh1 Rxh2 23. Rxh2 Rh8 $2 (23... b4 $11 {and Black is okay.}) 24. Rxh8 $18 Kxh8 25. b3 Qb4 26. Qxb4 axb4 {[%mdl 4096] Endgame KN-KN} 27. Nc1 (27. c3 $18) 27... Nh7 28. Nd3 Ng5 (28... Kg8 $16 {is a better defense.}) 29. Nxb4 Nxf3 30. Kc1 Ng5 {[#]} 31. a4 $1 {[%cal Ra4a5]} bxa4 32. bxa4 {Threatens to win with a5.} Nxe4 33. a5 {Hoping for a6.} Nc3 34. Kd2 Nb5 35. c4 Na7 36. Nd5 Kg7 37. Nxe7 (37. a6 $16) 37... Kf6 $11 38. Nd5+ Kg5 $1 39. Ne3 $1 Kf4 40. a6 Kf3 $2 {[%mdl 8192] [#]} (40... Nc8 $14) 41. Nf5 $1 $18 {[%cal Rf5d6][%mdl 512]} Nc8 (41... gxf5 42. gxf5) 42. Ne7 $2 (42. Ke1) 42... Nb6 43. Nxg6 (43. a7 $18 {And now Nc8! would win.} Na8 44. Nxg6) 43... Kxg4 $2 {[%mdl 8192]} ({Black should play} 43... Nxc4+ $14 44. Kc3 Nb6) 44. Kd3 $2 (44. Ne7 $18) 44... Kf3 {The position is equal.} 45. Nh4+ Kf4 46. Ng2+ Kf5 $1 47. Ne3+ Ke6 48. Nd5 Nc8 49. Kc3 Kd7 50. Kb3 Kc6 51. Kb4 Na7 52. Kb3 Kc5 53. Kc3 Nc8 54. Ne7 Na7 {Accuracy: White = 71%, Black = 72%.} 1/2-1/2